Study on population dynamic of insect pests and natural enemies in cauliflower fields using conventional insecticide at dey eth commune, kien svay district, kandal province; ការសិក្សាពីបម្រៃបម្រួលប្រជាករសត្វល្អិតចង្រៃ និងសត្វមានប្រយោជន៍ក្នុងចម្ការដំណាំខាត់ណាផ្កាដែលប្រើប្រាស់ថ្នាំកម្ចាត់សត្វល្អិតនៅឃុំដីឥដ្ឋ ស្រុកកៀនស្វាយ (Record no. 10406)

000 -LEADER
fixed length control field 00933nam a22001337a 4500
040 ## - CATALOGING SOURCE
Transcribing agency RUA
082 ## - DEWEY DECIMAL CLASSIFICATION NUMBER
Classification number AGR KHE 2015 B475 Or.1
100 ## - MAIN ENTRY--AUTHOR NAME
Personal name KHEM TAINGLEANG; ខែម តាំងលាង
245 ## - TITLE STATEMENT
Title Study on population dynamic of insect pests and natural enemies in cauliflower fields using conventional insecticide at dey eth commune, kien svay district, kandal province; ការសិក្សាពីបម្រៃបម្រួលប្រជាករសត្វល្អិតចង្រៃ និងសត្វមានប្រយោជន៍ក្នុងចម្ការដំណាំខាត់ណាផ្កាដែលប្រើប្រាស់ថ្នាំកម្ចាត់សត្វល្អិតនៅឃុំដីឥដ្ឋ ស្រុកកៀនស្វាយ
260 ## - PUBLICATION, DISTRIBUTION, ETC. (IMPRINT)
Place of publication Phnom Penh
Name of publisher RUA
Year of publication 2015
300 ## - PHYSICAL DESCRIPTION
Number of Pages x;50p;
Other physical details ill;
Dimensions 29cm;
856 ## - ELECTRONIC LOCATION AND ACCESS
Uniform Resource Identifier KHEM TAINGLEANG
942 ## - ADDED ENTRY ELEMENTS (KOHA)
Koha item type AGR
952 ## - LOCATION AND ITEM INFORMATION (KOHA)
Withdrawn status [LOCAL, KOHA] 0
952 ## - LOCATION AND ITEM INFORMATION (KOHA)
Withdrawn status [LOCAL, KOHA] 0
952 ## - LOCATION AND ITEM INFORMATION (KOHA)
Withdrawn status [LOCAL, KOHA] 0
952 ## - LOCATION AND ITEM INFORMATION (KOHA)
Withdrawn status [LOCAL, KOHA] 0
952 ## - LOCATION AND ITEM INFORMATION (KOHA)
Withdrawn status [LOCAL, KOHA] 0
952 ## - LOCATION AND ITEM INFORMATION (KOHA)
Withdrawn status [LOCAL, KOHA] 0
952 ## - LOCATION AND ITEM INFORMATION (KOHA)
Withdrawn status [LOCAL, KOHA] 0
952 ## - LOCATION AND ITEM INFORMATION (KOHA)
Withdrawn status [LOCAL, KOHA] 0
Holdings
Permanent Location Date acquired Koha item type Lost status Shelving location Barcode Current Location Full call number
Library Block B2016-10-21AGR B475A01766Library Block BAGR KHE 2015 B475 Or.1
Library Block B2016-10-21AGR B475A02392Library Block BAGR KHE 2015 B475 Or.2
Library Block B2016-10-21AGR B475A02069Library Block BAGR KHE 2015 B475 Or.3
Library Block B2016-10-21AGR B475A02221Library Block BAGR KHE 2015 B475 Or.4
Library Block B2016-10-21AGR B475A02504Library Block BAGR KHE 2015 B475 Or.5
Library Block B2016-10-21AGR B475A02846Library Block BAGR KHE 2015 B475 Or.6
Library Block B2016-10-21AGR B475A02922Library Block BAGR KHE 2015 B475 Or.7
Library Block B2016-10-21AGR B475A02376Library Block BAGR KHE 2015 B475 Or.8
មជ្ឈមណ្ឌលឯការនៃសាកលវិទ្យាល័យភូមិន្ទកសិកម្មចំការដូង

Powered by Koha